Movies Quiz

Random Movies or Actor Quiz

Actor by Three Movies Quiz Stats

 Plays Quiz not verified by Sporcle

Challenge
Share
Tweet
Embed
Score 0/30 Timer 05:00
0 Plays Today
% Correct
Will Smith
96.6%
Jim Carrey
96.1%
Ben Stiller
95.7%
Leonardo DiCaprio
95.7%
Eddie Murphy
95.2%
Bill Murray
95.2%
Nicolas Cage
94.2%
Tom Hanks
93.2%
Michael Keaton
93.2%
Steve Carell
92.8%
Owen Wilson
91.3%
Channing Tatum
90.8%
Bradley Cooper
90.3%
Seth Rogen
89.4%
James Franco
89.4%
% Correct
Hugh Jackman
88.9%
Gerard Butler
87.9%
Jake Gyllenhaal
87.4%
Dwayne 'The Rock' Johnson
87%
Ewan McGregor
86.5%
Joseph Gordon-Levitt
85%
Chris Pine
83.1%
Denzel Washington
83.1%
Chris Hemsworth
81.6%
Edward Norton
81.2%
Mark Ruffalo
80.2%
Chris Pratt
80.2%
Ryan Reynolds
77.8%
Michael Fassbender
77.3%
Kevin Bacon
61.4%

You're not logged in!

Compare scores with friends on all Sporcle quizzes.
Join for Free
OR
Log In

You Might Also Like...

Show Comments

Extras

Created Jan 26, 2016ReportNominate
Tags:Actor Quiz, Clickable Quiz, three

Top Quizzes Today


Score Distribution

Your Account Isn't Verified!

In order to create a playlist on Sporcle, you need to verify the email address you used during registration. Go to your Sporcle Settings to finish the process.

Report this User

Report this user for behavior that violates our Community Guidelines.

Details: